Els catalans i el mon indigena America

محفوظ في:
التفاصيل البيبلوغرافية
المؤلف الرئيسي: Hernández, Procoro (مؤلف)
التنسيق: كتاب
اللغة:الكتالانية
منشور في: Barcelona Generalitat de Catalunya 1992
سلاسل:Col.leccio Joan Orpi
الموضوعات:
الوسوم: إضافة وسم
لا توجد وسوم, كن أول من يضع وسما على هذه التسجيلة!

MARC

LEADER 00000nam a2200000 a 4500
001 UCY3542
003 CL-VaPUC
008 950104e19920000SP |||||||||||||||||cat|d
082 0 4 |a 946.042  |b HER  |2 21 
100 0 |a Hernández, Procoro  |e author  |9 331858 
245 1 4 |a Els catalans i el mon indigena America 
300 |a 151 p 
942 |c BK 
945 |d 19950104 00:00:00  |a mfernand 
260 |a Barcelona  |b Generalitat de Catalunya  |c 1992 
650 7 |a INDIOS COLONIZACION  |2 CL-VaPUC  |9 331859 
650 0 |a Historia  |9 255047 
651 0 |a Cataluña, España  |9 258701 
583 |a last modification  |c 19950104 00:00:00  |k Rodrigo Vera 
490 0 |a Col.leccio Joan Orpi 
999 |c 231648  |d 231646 
952 |0 0  |1 0  |4 0  |6 946_042000000000000_HER_1992  |7 0  |8 DER_HDC  |9 235091  |a BIBDER  |b BIBDER  |d 2019-11-15  |i 3044181  |o 946.042 HER 1992  |p 3044181  |r 2023-01-25  |w 2019-11-15  |x Ubicación 4to Piso  |y BK  |z Estos recursos deben solicitarse con anticipación  |k DER